Score 0/17 Timer 02:00
24 Plays Today
% Correct
Pizza
97.6%
Waffles
97.4%
Ice Cream
97.3%
Burger
97.2%
Pretzel
97.2%
Tortilla Chips
96.9%
Popcorn Chicken
96.8%
Hot Dog
96.5%
Bagel
96.3%
% Correct
Taco
96.2%
Potato Wedges
96%
French Fries
95.1%
Doughnut
94.6%
Philly Cheesesteak
94.3%
Churro
93%
Burrito
92%
Meatball Sub
91%
Remove Ads.
Support Sporcle.
Get the best of Sporcle when you Go Orange. This ad-free experience offers more features, more stats, and more fun while also helping to support Sporcle. Thank you for becoming a member.

You're not logged in!

Compare scores with friends on all Sporcle quizzes.
OR
Log In

Sporcle TV

Today on Sporcle TV


Watch our educational content, quiz creation guides, and fun videos on Sporcle TV.

Show Comments

Extras

Top Quizzes Today


Score Distribution

Paid Content

Your Account Isn't Verified!

In order to create a playlist on Sporcle, you need to verify the email address you used during registration. Go to your Sporcle Settings to finish the process.

Report this User

Report this user for behavior that violates our Community Guidelines.

Details: